Nové zákony upravujúce medzinárodnú spoluprácu pri správe daní a vymáhaní niektorých pohľadávok

Zákon č. 444/2002 Z.z. o vzájomnej pomoci pri vymáhaní niektorých finančných pohľadávok a zákon č. 472/2002 Z.z. o medzinárodnej pomoci a spolupráci pri správe daní a o zmene a doplnení zákona č. 366/1999 Z.z. o daniach z príjmov v znení neskorších predpisov.

Saved in:
Bibliographic Details
Format: Book Chapter
Language:Slovak
Subjects:
Tags: Add Tag
No Tags, Be the first to tag this record!

MARC

LEADER 00000naa a2200000 4500
001 r046621
005 20230927070529.3
041 0 |a slo 
044 |a SK 
245 1 0 |a Nové zákony upravujúce medzinárodnú spoluprácu pri správe daní a vymáhaní niektorých pohľadávok 
520 |a Zákon č. 444/2002 Z.z. o vzájomnej pomoci pri vymáhaní niektorých finančných pohľadávok a zákon č. 472/2002 Z.z. o medzinárodnej pomoci a spolupráci pri správe daní a o zmene a doplnení zákona č. 366/1999 Z.z. o daniach z príjmov v znení neskorších predpisov. 
610 2 0 |a vymáhanie pohľadávok 
610 2 0 |a správa daňová 
610 2 0 |a pomoc medzinárodná 
610 2 0 |a spolupráca medzinárodná 
610 2 0 |a Slovensko 
610 2 0 |a zákony 
610 2 0 |a 2002